000 00643pam a2200217 a 4500
001 4450461
005 20240206045400.0
008 950217s1995 enka b 001 0 eng
020 _a0415072387 (pbk.)
040 _aDLC
_cDLC
_dDLC
082 0 0 _a306.44
_220
_bMAR.
100 1 _aMontgomery, Martin.
245 1 3 _aAn introduction to language and society /
_cMartin Montgomery.
250 _a2nd ed.
260 _aLondon ;
_aNew York :
_bRoutledge,
_c1995.
300 _axxix, 272 p. :
650 0 _aSociolinguistics.
650 0 _aLanguage acquisition.
856 4 2 _uhttp://www.loc.gov/catdir/enhancements/fy0648/95007513-d.html
942 _cL
999 _c306
_d306